Concrete structure management (Record no. 109722)

MARC details
000 -LEADER
fixed length control field 01115cam a22002535a 4500
001 - CONTROL NUMBER
control field E147793
008 - FIXED-LENGTH DATA ELEMENTS--GENERAL INFORMATION
fixed length control field 090618s2009 xxkao f 000 0 eng d
020 ## - INTERNATIONAL STANDARD BOOK NUMBER
International Standard Book Number 9781848060890
035 ## - SYSTEM CONTROL NUMBER
System control number (Sirsi) u147793
041 0# - LANGUAGE CODE
Language code of text/sound track or separate title eng
050 04 - LIBRARY OF CONGRESS CALL NUMBER
Classification number 690.2 $2 18
100 1# - MAIN ENTRY--PERSONAL NAME
Personal name Matthews, Stuart
245 00 - TITLE STATEMENT
Title Concrete structure management
Remainder of title owners' guide to good practice
260 ## - PUBLICATION, DISTRIBUTION, ETC.
Place of publication, distribution, etc. Garston
Name of publisher, distributor, etc. BRE
Date of publication, distribution, etc. 2009
300 ## - PHYSICAL DESCRIPTION
Extent 16p.
Other physical details ill.
Dimensions 30cm.
490 #0 - SERIES STATEMENT
Series statement BRE Digest
Volume/sequential designation DG 510
520 ## - SUMMARY, ETC.
Summary, etc. Summarises the guidance provided by the International Federation for Structural Concrete publication "Concrete Structure Management: Guide to Ownership and Good Practice". Looks at the costs and impacts of a concrete structure throughout its life, and discusses ways in which such structures can deteriorate, as well as remedies for, and prevention of, such deterioration. Includes a checklist for owners.
521 ## - TARGET AUDIENCE NOTE
Target audience note Advanced
590 ## - LOCAL NOTE (RLIN)
Local note KA
651 #4 - SUBJECT ADDED ENTRY--GEOGRAPHIC NAME
Geographic name United Kingdom
Chronological subdivision
690 ## - LOCAL SUBJECT ADDED ENTRY--TOPICAL TERM (OCLC, RLIN)
Topical term or geographic name as entry element BUILT ENVIRONMENT-BUILDING MATERIALS-CEMENTITIOUS, CONCRETE AND MINERAL BOUND MATERIALS-CONCRETE
700 1# - ADDED ENTRY--PERSONAL NAME
Personal name Jacobs, Josse
942 ## - ADDED ENTRY ELEMENTS (KOHA)
Suppress in OPAC 0
Holdings
Withdrawn status Lost status Source of classification or shelving scheme Damaged status Not for loan Home library Current library Shelving location Date acquired Total Checkouts Full call number Barcode Date last seen Copy number Price effective from Koha item type
    Dewey Decimal Classification     London London BRE publications 23/09/2009   BRE 30077196 06/08/2019 1 06/08/2019 Book